Normal view MARC view

Entry Personal Name

Number of records used in: 1

001 - CONTROL NUMBER

  • control field: 1145172

003 - CONTROL NUMBER IDENTIFIER

  • control field: OSt

005 - DATE AND TIME OF LATEST TRANSACTION

  • control field: 20260324113034.0

008 - FIXED-LENGTH DATA ELEMENTS

  • fixed length control field: 260324|| aca||aabn | a|a d

040 ## - CATALOGING SOURCE

  • Original cataloging agency: OSt
  • Transcribing agency: OSt

100 ## - HEADING--PERSONAL NAME

  • Personal name: Luz Cecilia García; Naga Raju Maddela; Freddy Zambrano Gavilanes; Carolina Aguilar Duarte

670 ## - SOURCE DATA FOUND

  • Source citation: Work cat.: (OSt)1734614: Luz Cecilia García; Naga Raju Maddela; Freddy Zambrano Gavilanes; Carolina Aguilar Duarte, Sustainable Cacao Cultivation in Latin America
Copyright @ Delhi University Library System